Entrepreneurship : (Record no. 141695)

MARC details
000 -LEADER
fixed length control field 01088cam a2200301 a 4500
001 - CONTROL NUMBER
control field vtls003224529
003 - CONTROL NUMBER IDENTIFIER
control field MY-SjTCS
005 - DATE AND TIME OF LATEST TRANSACTION
control field 20200226115014.0
008 - FIXED-LENGTH DATA ELEMENTS--GENERAL INFORMATION
fixed length control field 111019s2011 caua b 001 0 eng
020 ## - INTERNATIONAL STANDARD BOOK NUMBER
International Standard Book Number 9781412955607 (hbk.)
020 ## - INTERNATIONAL STANDARD BOOK NUMBER
International Standard Book Number 1412955602 (hbk.)
020 ## - INTERNATIONAL STANDARD BOOK NUMBER
International Standard Book Number 9781412992657 (pbk.)
020 ## - INTERNATIONAL STANDARD BOOK NUMBER
International Standard Book Number 1412992656 (pbk.)
039 #9 - LEVEL OF BIBLIOGRAPHIC CONTROL AND CODING DETAIL [OBSOLETE]
Level of rules in bibliographic description 201302261059
Level of effort used to assign nonsubject heading access points VLOAD
Level of effort used to assign subject headings 201112221206
Level of effort used to assign classification shuhada
Level of effort used to assign subject headings 201112221133
Level of effort used to assign classification shuhada
Level of effort used to assign subject headings 201112211824
Level of effort used to assign classification shuhada
-- 201110191444
-- malathy
082 04 - DEWEY DECIMAL CLASSIFICATION NUMBER
Classification number 658.11
Item number MEY 2011
100 1# - MAIN ENTRY--PERSONAL NAME
Personal name Meyer, Marc H.
9 (RLIN) 56655
245 10 - TITLE STATEMENT
Title Entrepreneurship :
Remainder of title an innovator's guide to startups and corporate ventures /
Statement of responsibility, etc. Marc H. Meyer, Frederick G. Crane.
260 ## - PUBLICATION, DISTRIBUTION, ETC.
Place of publication, distribution, etc. Los Angeles, CA :
Name of publisher, distributor, etc. SAGE,
Date of publication, distribution, etc. c2011.
300 ## - PHYSICAL DESCRIPTION
Extent xxii, 444 p. :
Other physical details ill. ;
Dimensions 28 cm.
504 ## - BIBLIOGRAPHY, ETC. NOTE
Bibliography, etc. note Includes bibliographical references and index.
650 #0 - SUBJECT ADDED ENTRY--TOPICAL TERM
Topical term or geographic name entry element New business enterprises
General subdivision Management.
9 (RLIN) 32768
650 #0 - SUBJECT ADDED ENTRY--TOPICAL TERM
Topical term or geographic name entry element Entrepreneurship.
650 #0 - SUBJECT ADDED ENTRY--TOPICAL TERM
Topical term or geographic name entry element Venture capital.
650 #0 - SUBJECT ADDED ENTRY--TOPICAL TERM
Topical term or geographic name entry element Success in business.
650 #0 - SUBJECT ADDED ENTRY--TOPICAL TERM
Topical term or geographic name entry element Business planning.
700 1# - ADDED ENTRY--PERSONAL NAME
Personal name Crane, Frederick G.
9 (RLIN) 48603
920 ## - Programme
Programme MIF : 174235
Holdings
Withdrawn status Lost status Source of classification or shelving scheme Damaged status Not for loan Home library Current library Date acquired Total Checkouts Barcode Date last seen Date last checked out Copy number Koha item type Public note
    Dewey Decimal Classification     Taylor's Library-TU Taylor's Library-TU 03/11/2011 2 5000124377 05/12/2019 22/08/2013 1 Graduate Collection TBSxx,44001,03,GR